Porcelina e o seu amigo Lobito (Registo nº 6039)
[ vista simples ]
| 000 -Etiqueta do registo | |
|---|---|
| Valores | 00812cam a2200265 4500 |
| 010 ## - Número ISBN | |
| ISBN | 9722106163 |
| 021 ## - Número do Depósito Legal | |
| Número | 45227/91 |
| 100 ## - Dados gerais de processamento | |
| Dados gerais | 20211231d1991 c||y0pory5003 ba |
| 200 1# - Titulo e menção de responsabilidade | |
| Título próprio | Porcelina e o seu amigo Lobito |
| Primeira menção de responsabilidade | Cristina Lastrego, Francesco Testa |
| Outras menções de responsabilidade | trad. António Pescada |
| 210 #9 - Publicação | |
| Local de publicação | Lisboa |
| Nome do editor | Caminho |
| Data de publicação | 1991 |
| 215 ## - Descrição física | |
| Paginação / Volumes | 27 p. |
| Outras indicações físicas | il. |
| Dimensões | 17 cm |
| 225 2# - Colecção | |
| Título próprio da colecção | As leituras |
| Indicação de volume | 7 |
| 304 ## - Nota relativa ao título | |
| Texto de nota | T�IT. orig.: Porcelina e il suo amico Lupetto |
| 606 ## - Nome comum usado como assunto | |
| ID Autoridade | 14 |
| Palavra de ordem | Literatura infantil |
| 606 ## - Nome comum usado como assunto | |
| ID Autoridade | 13 |
| Palavra de ordem | Literatura Estrangeira |
| 675 ## - CDU | |
| Notação | 82-93 |
| Edição | BN |
| Língua | por |
| 675 ## - CDU | |
| Notação | 821.1/.8 |
| Edição | BN |
| Língua | por |
| 700 ## - Autor principal (pessoa individual) | |
| Apelido | Lastrego |
| Nome | Cristina |
| ID Autoridade | 5730 |
| 701 ## - Co-autor principal (pessoa individual) | |
| Apelido | Testa |
| Nome | Francesco |
| ID Autoridade | 5731 |
| 702 ## - Autor secundário (pessoa individual) | |
| Apelido | Pescada |
| Nome | António |
| Datas | 1938- |
| ID Autoridade | 1181 |
| 801 #0 - Fonte de origem | |
| País | PT |
| Agência | BMVN |
| Regras de catalogação | RPC |
| 830 ## - Notas gerais do catalogador | |
| Criado por | Ana Caetano |
| Data de criação | 31/12/2021 |
| 990 ## - Elementos KOHA | |
| Tipo de documento | Livro |
| Situação do levantamento | Biblioteca de origem | Código de barras | Cota | Permissão de empréstimo | Tipo de documento | Forma de aquisição |
|---|---|---|---|---|---|---|
| Biblioteca Municipal de Vendas Novas | 100000015313 | LI EST/LAS | Livro |